00893nam a2200241 450000500170000000800410001701700410005802000180009904000230011708200190014010000400015924500690019925000090026826000770027730000250035449000340037965000350041365000430044865100100049194200120050199900170051395201210053020240530111000.0230215s2019 ua g 000 0 ara d a2019/5919bمصر. دار الكتب a9789778547375 aEG-CaGPLcEG-CaGPL04221a814bم ع0 aمحمد بن احمد الرشيد10aعلمتنى الحياة /cمحمد بن احمد الرشيد aط.1 aالقاهرة : bالدار العربية اللبنانية،c2019. a287 ص. ؛c24 سم.0 aالاعمال الكاملة072qrmakaالادب العربى072qrmakaالمقالات العربية 2qrmak 2ddccBK c67169d67169 00104070aCAIbCAIcالأداب-عربىd2023-02-15l0o814 م عp169221r2023-02-15 00:00:00w2023-02-15yBK